| 000 | 00932nas a2200325 4500 | ||
|---|---|---|---|
| 001 | BR0401865 | ||
| 003 | BR-BrBNA | ||
| 005 | 20231205104515.0 | ||
| 007 | ta | ||
| 008 | 230509b bl.|||p| |||| 00| 00por d | ||
| 040 |
_aBR-BrBNA _bpor _cBiblioteca Nacional de Agricultura |
||
| 041 | _a(Pt) | ||
| 072 | _aH60 | ||
| 100 | 1 | _aFreitas, R.S. de | |
| 100 | 1 | _aBerger, P.G. | |
| 100 | 1 | _aFerreira, L.R. | |
| 100 | 1 | _aCardoso, A.A. | |
| 100 | 1 | _aFreitas, T.A.S. de | |
| 100 | 1 | _aSilva, A.A. da | |
| 245 | 1 | _aInterferência de plantas daninhas na cultura do algodão | |
| 650 | _aALGODÃO | ||
| 650 | _aVARIEDADE | ||
| 650 | _aPRODUÇÃO VEGETAL | ||
| 650 | _aERVA DANINHA | ||
| 650 | _aCOMPETIÇÃO DE VARIEDADE | ||
| 650 | _aPRODUTIVIDADE | ||
| 773 | 0 |
_tRevista Ceres (Brazil) _xISSN 0034-737X _g(May-Jun 2003), v. 50(289) p. 367-381 _wBR0401865 |
|
| 909 |
_a202311 _bLúcia _c55 _dLúcia Elande |
||
| 942 |
_2AGRIS _n0 _cANA |
||
| 999 |
_c178448 _d178448 |
||